000
00308nam a22001337a 4500
008
170516b xxu||||| |||| 00| 0 eng d
020
_a
0070238855
041
_a
eng
080
_2
2ND
_a
94 (7/8)
100
_a
16
101
_a
SHH
245
_a
A HISTORY OF THE AMERICAN PEOPLE
_c
GRAEBNER
942
_2
udc
_c
BK
999
_c
13373
_d
13373